| 000 | 00840cam a2200265 a 4500 | ||
|---|---|---|---|
| 005 | 20131029053259.0 | ||
| 008 | 860123s1986 mnua b 001 0 eng | ||
| 020 | _a0899083838 | ||
| 020 | _a0899083587 | ||
| 041 | 0 | _aeng | |
| 080 | _a327.39 | ||
| 245 | 0 | 0 |
_aInternationalism : _c[edited by] Bruno Leone. |
| 250 | _aRev. ed., 2nd ed. rev. | ||
| 260 |
_aSt. Paul, Minn. : _bGreenhaven Press, _cc1986. |
||
| 300 |
_a175 p. : _bill. ; _c23 cm. |
||
| 490 | 1 | _aThe Isms : modern doctrines and movements | |
| 500 | _aPreface to first edition : f. 13-14 | ||
| 500 | _aPreface to second edition : f. 15 | ||
| 504 | _aIncludes bibliographies and index. | ||
| 650 | 0 | _aOrganizatat ndërkombëtare | |
| 650 | 0 | _2Marrvdhënie ndërkombëtare | |
| 700 | 1 |
_aLeone, Bruno, _d1939- |
|
| 830 | 0 | _aIsms. | |
| 942 |
_2udc _cBK |
||
| 999 |
_c190 _d190 |
||